00312nam a2200109Ia 4500008004100000020001800041100002300059245005100082250001100133260004000144300001800184180517s9999 xx 000 0 und d a9789719807810 aDuiker, William J. cSpielvogel, Jackson J.aHistory of the world / a8th ed aQuezon City :bC&E Publishingc2017 aiv, 990 pages